000
00288nam a22001217a 4500
008
180917b xxu||||| |||| 00| 0 eng d
041
_a
eng
080
_a
615
100
_a
5
101
_a
FAR
245
_a
The Pharmacology Of Inhaled Anesthetics
_c
Eger E
942
_2
udc
_c
BK
999
_c
47842
_d
47842